La educación física y la expresión corporal en el jardín infantil : (Registro nro. 9092)

Detalles MARC
000 -LIDER
fixed length control field 00749nam a22002057a 4500
003 - IDENTIFICACDOR DE NÚMERO DE CONTROL
control field DO-SdBNP
005 - DATE AND TIME OF LATEST TRANSACTION
control field 20180222094803.0
008 - ELEMENTOS DE LONGITUD FIJA
fixed length control field 151210b 1986 cl xxu||||| |||| 00| 0 spa d
040 ## - FUENTE DE CATALOGACIÓN
Agencia que crea de manera original el registro BPMSU
Idioma de catalogación sp
Agencia que realiza la transcripción BPMSU
100 ## - ASIENTO PRINCIPAL -- NOMBRE PERSONAL
Nombre personal Gallardo Arismendi, Osvaldo.
245 10 - MENCIÓN DE TITULO
Título La educación física y la expresión corporal en el jardín infantil :
Subtítulo guía para el educador, nivel transición: 4 a 5 años /
Mención de responsabilidad Osvaldo Gallardo Arismendi, Carmen Pregnan de Gallardo.
260 ## - PUBLICACIÓN, DISTRIBUCIÓN, ETC. (PIE DE IMPRENTA)
Lugar de publicación, distribución, etc Santiago de Chile :
Nombre del editor, distribuidor, etc. Andrés Bello,
Fecha de publicación, distribución, etc 1986.
300 ## - DESCRIPCIÓN FÍSICA
Extensión 85 p. :
Otros detalles físicos il. ;
Dimensiones 27 cm.
505 ## - NOTA DE CONTENIDO
Texto normalizado de contenido Bibliografía : p. 86
700 12 - ASIENTO SECUNDARIO -- NOMBRE PERSONAL
Nombre personal Pregnan de Gallardo, Carmen.
910 ## - VALIDACIÓN
Validación 00260
942 ## - ADDED ENTRY ELEMENTS (KOHA)
Source of classification or shelving scheme Dewey Decimal Classification
Koha item type Libros
945 ## - INFORMACIÓN DE PROCESAMIENTO LOCAL
Información de procesamiento local Inventariado, 2018/MFF
956 ## - LOCAL ELECTRONIC LOCATION AND ACCESS (OCLC)
Nombre de host Lorenza Pérez
Número de acceso 10
Existencias
Withdrawn status Lost status Source of classification or shelving scheme Damaged status Not for loan Collection code Home library Current library Date acquired Source of acquisition Total Checkouts Barcode Date last seen Price effective from Koha item type
    Dewey Decimal Classification     Colección Escolar Biblioteca Pública Metropolitana Salomé Ureña Biblioteca Pública Metropolitana Salomé Ureña 12/10/2015 Donación   BPMSU15120129 12/10/2015 12/10/2015 Libros